000 00914nam a2200229Ii 4500
003 JO-AjNU
008 230605s9999||||xx |||||||||||||| ||und||
017 _a1998/8/1251
020 _a978-9957-00-007-3
040 _aJO-AjNU
_bara
_erda
_cJO-AjNU
041 _aara
050 1 4 _aDS38.6.F37 2020
100 3 _aفوزي، فاروق عمر,
_eauthor
_962014
245 0 0 _aالخلافة العباسية: عصر القوة والازدهار، ج1
250 _aالطبعة العربية الاولى
264 3 1 _aعمان: دار الشروق للنشر والتوزيع، 2020
300 _aج1: 405ص
_b ويحتوي على قائمة مراجع من ص384-ص405
336 _atext
_btxt
_2rdacontent
337 _aunmediated
_bn
_2rdamedia
338 _avolume
_bnc
_2rdacarrier
650 4 _aلعباسيون-الثورات-البلاد الاسلامية-تاريخ-العصر العباسي
_962015
999 _aA28060
_c31628
_d31628